000 00512nam a2200193Ia 4500
003 GCL
008 140319s9999 xx 000 0 eng d
040 _aGCL /
_cGCL
082 0 4 _a181.6
_bG I
100 1 _aGENEQUAND, CHARLES
245 1 0 _aIBN RUSHD'S METAPHYSICS: A TRANSLATION /
_cGENEQUAND, CHARLES
260 _a[S.N] :
_bE. J. BRILL ،
_c1986
300 _a216 P
650 0 4 _aISLAMIC PHILOSOPHY
650 0 4 _aPHILOSOPHY
650 0 4 _aIBN RUSHED
650 0 4 _aISLAMIC PHILOSOPHERS
942 _2ddc
_cBK
999 _c14977
_d14977